000 00611nam a22001937a 4500
003 OSt
005 20251204140619.0
008 251204b |||||||| |||| 00| 0 eng d
020 _a0-471-69874-1.
040 _aDWCL-Main lib
_cOC
082 _23rd ed.
_aGR. 647.95 Eg29h 2006
100 _aEgerton-Thomas, Christopher
245 _aHow to open and run a successful restaurant
_cEgerton-Thomas, Christopher
260 _aN. J. :
_bJohn Wiley & Sons, Inc.,
_cc2006.
300 _axv, 222 pages ;
_c23 cm.
650 _21. Restaurant management.
650 _22. Restaurants.
942 _2ddc
_cGR
_e3rd ed.
_kGR.
_n0
999 _c6847
_d6847